首都圏3番(JRE-IKST-021)で発車する列車の定期行先 - Statistics

General Stats
  • This quiz has been taken 73 times
    14 since last reset
  • The average score is 45 of 54
Answer Stats
使用番線 行先 % Correct
横浜6(下) 平塚
100%
国府津
100%
小田原
100%
熱海
100%
沼津
100%
伊東
100%
伊豆急下田
100%
修善寺
100%
新前橋
100%
高崎
100%
籠原
100%
宇都宮
100%
小金井
100%
東京
100%
品川
100%
大船
100%
大宮4(上) 新宿
100%
出雲市
92%
高松
92%
横浜7(上) 前橋
92%
古河
92%
新木場
92%
新宿2・3(北) 川越
92%
大宮
92%
武蔵浦和
92%
池袋
92%
東京7(北) 仙台
92%
高萩
92%
勝田
92%
水戸
92%
土浦
92%
取手
92%
上野
85%
新宿2・3(南) 逗子
85%
海老名
85%
赤羽
85%
いわき
85%
小山(下) 黒磯
85%
北上1(上下) 盛岡
85%
北上3(上) 一ノ関
85%
新橋2(北) 成田
77%
一ノ関1(上) 小牛田
77%
盛岡(上) 釜石
69%
北上
69%
浦和4(下) 長野原草津口
62%
本庄
62%
鴻巣
62%
小金井(下) 日光
62%
いわて沼宮内
46%
盛岡(下) 大館
46%
日詰
31%
矢幅
31%
北上2(下) 滝沢
23%
岩沼
23%
No matching quizzes found
Score Distribution
Percent of People with Each Score
Percentile by Number Answered
Your Score History
You have not taken this quiz since the last reset